|
|
|
|
| LEADER |
00873nam a2200229 a 4500 |
| 001 |
4416004 |
| 008 |
090727r19891983 enk b 000 0 eng d |
| 010 |
|
|
|a 93032923
|
| 020 |
|
|
|a 0582023203
|
| 040 |
|
|
|a DLC
|c DLC
|d DLC
|
| 082 |
0 |
0 |
|a 822/.4
|2 20
|
| 100 |
1 |
|
|a Congreve, William,
|d 1670-1729.
|
| 245 |
1 |
4 |
|a The way of the world /
|c William Congreve, notes by Bo Jeffares.
|
| 260 |
|
|
|a New York :
|b Dover Publications, ;
|a Harlow :
|b Longman York Press
|c 1983.[Reprinted 1989]
|
| 300 |
|
|
|a 72 p. :
|a 21cm.
|
| 490 |
0 |
|
|a York Notes.
|
| 504 |
|
|
|a Includes bibliographical references.
|
| 541 |
1 |
|
|e 00014271
|
| 655 |
|
7 |
|a Comedies.
|2 gsafd
|
| 852 |
4 |
|
|a Ayesha Abed Library
|j General shelf
|
| 999 |
|
|
|c 2910
|d 2910
|
| 952 |
|
|
|0 0
|1 0
|2 ddc
|4 1
|6 822_000000000000000__4_CON
|7 0
|9 2645
|a BRACUL
|b BRACUL
|c SPS
|d 2009-07-30
|g 40.00
|l 2
|m 1
|o 822.4 CON
|p 3010014271
|r 2018-07-30
|s 2018-07-17
|t 1
|w 2009-07-30
|y BK
|